[Event "China ch 2009"]
[Site "Xinghua Jiangsu CHN"]
[Date "2009.05.26"]
[Round "1.1"]
[White "Ji, Dan"]
[Black "Li, Shilong"]
[Result "0-1"]
[WhiteElo "2342"]
[BlackElo "2557"]
[PlyCount "102"]
[EventDate "2009.05.26"]
[EventType "tourn"]
[EventRounds "11"]
[EventCountry "CHN"]
[EventCategory "14"]
[Source "lmi"]
[SourceDate "2009.05.25"]

1. e4 c5 2. Nf3 d6 3. d4 cxd4 4. Nxd4 Nf6 5. f3 e6 6. c4 Be7 7. Nc3 O-O 8. Be3
b6 9. Be2 Bb7 10. O-O a6 11. Qd2 Nbd7 12. Rfd1 Qc7 13. Qe1 Rac8 14. Rac1 Qb8
15. Qf2 Rfe8 16. Bf1 Bd8 17. g3 Ne5 18. b3 Bc7 19. Bh3 h6 20. a4 Rcd8 21. Bg2
d5 22. cxd5 exd5 23. Nxd5 Bxd5 24. exd5 Nxd5 25. Nf5 Nb4 26. Rxd8 Bxd8 27. Qd2
Nbd3 28. Rd1 Nc5 29. f4 Ng4 30. Bxc5 bxc5 31. Bd5 c4 32. Bxc4 Bb6+ 33. Kg2 Rd8
34. Qe2 Qb7+ 35. Bd5 Rxd5 36. Ne7+ Qxe7 37. Qxe7 Rxd1 38. Qe8+ Kh7 39. Qxf7
Rd2+ 40. Kh3 Nf2+ 41. Kg2 Ng4+ 42. Kh3 Nf2+ 43. Kg2 Ne4+ 44. Kh3 Nf6 45. g4
Rd3+ 46. Kg2 Rd2+ 47. Kh3 Bg1 48. g5 hxg5 49. Qe6 g4+ 50. Kh4 Kh6 51. Qxa6 Bf2#
0-1

[Event "China ch 2009"]
[Site "Xinghua Jiangsu CHN"]
[Date "2009.05.26"]
[Round "1.6"]
[White "Hou, Yifan"]
[Black "Zhou, Weiqi"]
[Result "1/2-1/2"]
[WhiteElo "2590"]
[BlackElo "2563"]
[PlyCount "113"]
[EventDate "2009.05.26"]
[EventType "tourn"]
[EventRounds "11"]
[EventCountry "CHN"]
[EventCategory "14"]
[Source "lmi"]
[SourceDate "2009.05.25"]

1. e4 c6 2. d4 d5 3. Nc3 dxe4 4. Nxe4 Bf5 5. Ng3 Bg6 6. h4 h6 7. Nf3 Nd7 8. h5
Bh7 9. Bd3 Bxd3 10. Qxd3 e6 11. Bd2 Ngf6 12. O-O-O Be7 13. Kb1 O-O 14. Ne4 Nxe4
15. Qxe4 Nf6 16. Qe2 Qd5 17. Ne5 Qe4 18. Qxe4 Nxe4 19. Be3 Rfd8 20. g4 c5 21.
f3 cxd4 22. Bxd4 Bc5 23. Bxc5 Nxc5 24. c3 f6 25. Ng6 e5 26. Kc2 Kf7 27. Nh4 Ne6
28. Rh2 Rxd1 29. Kxd1 Rc8 30. Rd2 Rc7 31. Nf5 b6 32. Ke2 Kf8 33. Ke3 Kf7 34.
Rd6 Nc5 35. Rd2 Ne6 36. c4 Nc5 37. b3 Nb7 38. Ke4 Ke6 39. Rd5 Nc5+ 40. Ke3 Nb7
41. Kd2 Kf7 42. Kc3 g6 43. hxg6+ Kxg6 44. Ng3 Rf7 45. b4 Kg5 46. Rd3 Kf4 47.
Nh5+ Kg5 48. Rd5 Kh4 49. c5 bxc5 50. bxc5 f5 51. Rxe5 fxg4 52. fxg4 Kxg4 53.
Kd4 Nd8 54. Kd5 Rd7+ 55. Kc4 Rf7 56. Kd5 Rd7+ 57. Kc4 1/2-1/2

[Event "China ch 2009"]
[Site "Xinghua Jiangsu CHN"]
[Date "2009.05.27"]
[Round "2.2"]
[White "Li, Chao B"]
[Black "Hou, Yifan"]
[Result "1/2-1/2"]
[WhiteElo "2643"]
[BlackElo "2590"]
[PlyCount "84"]
[EventDate "2009.05.26"]
[EventType "tourn"]
[EventRounds "11"]
[EventCountry "CHN"]
[EventCategory "14"]
[Source "lmi"]
[SourceDate "2009.05.25"]

1. e4 c5 2. Nf3 d6 3. d4 cxd4 4. Nxd4 Nf6 5. Nc3 e6 6. g4 h6 7. Bg2 Nc6 8. h3
Bd7 9. Be3 a6 10. Qe2 Qc7 11. f4 b5 12. a3 Be7 13. O-O Nxd4 14. Bxd4 e5 15. Bf2
Rc8 16. f5 a5 17. Rfd1 O-O 18. Rd2 b4 19. axb4 axb4 20. Nd1 Ra8 21. Rxa8 Rxa8
22. h4 Ra1 23. Kh2 d5 24. Bg3 Nxe4 25. Bxe4 dxe4 26. Qxe4 Bc6 27. Qxe5 Qxe5 28.
Bxe5 Bxh4 29. Kh3 Bg5 30. Rd4 Rc1 31. Rc4 Bd5 32. Rd4 Bf3 33. Nf2 h5 34. gxh5
Rxc2 35. Kg3 Bxh5 36. Ne4 Bh6 37. Rxb4 Kh7 38. Bc3 Re2 39. Rd4 Re3+ 40. Kh4 Bf3
41. Ng5+ Bxg5+ 42. Kxg5 Re4 1/2-1/2

[Event "China ch 2009"]
[Site "Xinghua Jiangsu CHN"]
[Date "2009.05.27"]
[Round "2.4"]
[White "Zhou, Jianchao"]
[Black "Zhang, Pengxiang"]
[Result "1-0"]
[WhiteElo "2635"]
[BlackElo "2638"]
[PlyCount "97"]
[EventDate "2009.05.26"]
[EventType "tourn"]
[EventRounds "11"]
[EventCountry "CHN"]
[EventCategory "14"]
[Source "lmi"]
[SourceDate "2009.05.25"]

1. Nf3 d5 2. d4 Nf6 3. c4 c6 4. Nc3 a6 5. a4 e6 6. Bg5 h6 7. Bxf6 Qxf6 8. a5
Bb4 9. c5 Nd7 10. Qb3 Bxc3+ 11. Qxc3 O-O 12. e3 Re8 13. Ne5 Nxe5 14. dxe5 Qe7
15. b4 f6 16. f4 fxe5 17. Qxe5 Qf6 18. Bd3 Qxe5 19. fxe5 Rf8 20. h4 Bd7 21. Ke2
Be8 22. h5 Rd8 23. g4 Rd7 24. Rh2 Rdf7 25. Bg6 Rd7 26. Rd1 Bxg6 27. hxg6 d4 28.
Rd3 Rd5 29. exd4 Rf4 30. g5 Rfxd4 31. Rxd4 Rxd4 32. Ke3 Rd5 33. gxh6 Rxe5+ 34.
Kf4 Rf5+ 35. Ke4 Rg5 36. Rd2 gxh6 37. Rd7 Rg4+ 38. Ke5 Rxb4 39. Kf6 Rf4+ 40.
Kxe6 Rc4 41. Rxb7 Rxc5 42. Kf6 Rb5 43. Rb6 h5 44. Rxa6 Rb8 45. Rb6 Rf8+ 46. Kg5
h4 47. Kxh4 c5 48. a6 c4 49. a7 1-0

[Event "China ch 2009"]
[Site "Xinghua Jiangsu CHN"]
[Date "2009.05.28"]
[Round "3.2"]
[White "Liang, Chong"]
[Black "Ji, Dan"]
[Result "0-1"]
[WhiteElo "2511"]
[BlackElo "2342"]
[PlyCount "104"]
[EventDate "2009.05.26"]
[EventType "tourn"]
[EventRounds "11"]
[EventCountry "CHN"]
[EventCategory "14"]
[Source "lmi"]
[SourceDate "2009.05.25"]

1. d4 d5 2. c4 e6 3. Nc3 Be7 4. Nf3 Nf6 5. Bg5 h6 6. Bh4 O-O 7. Qc2 c5 8. dxc5
dxc4 9. e4 Qc7 10. e5 Nd5 11. Bxe7 Nxe7 12. Ne4 Nd7 13. Bxc4 Nxe5 14. Nxe5 Qxe5
15. O-O Bd7 16. Rae1 a5 17. a3 Bc6 18. b4 axb4 19. axb4 Qd4 20. Ng3 Nd5 21. b5
Nb4 22. Qc1 Bd5 23. Bxd5 Nxd5 24. Re4 Qd3 25. Rg4 Nf6 26. Rc4 Rfd8 27. h3 Qb3
28. b6 Rac8 29. Qf4 Nd5 30. Qh4 Nf6 31. Rfc1 Rd1+ 32. Rxd1 Qxd1+ 33. Kh2 Qd5
34. Qf4 Kh7 35. Qc1 Nd7 36. Qb1+ f5 37. Rc1 Rxc5 38. Rd1 Qc6 39. Nh5 Qxb6 40.
Qa1 Qc7+ 41. f4 e5 42. Rd3 Nf8 43. Qa8 Qf7 44. fxe5 Rxe5 45. Nf4 Re8 46. Qa5
Ne6 47. Nd5 Rd8 48. Re3 Qd7 49. Re5 Qd6 50. Ne3 b6 51. Qc3 Nd4 52. Nc4 Qc7 0-1

[Event "China ch 2009"]
[Site "Xinghua Jiangsu CHN"]
[Date "2009.05.28"]
[Round "3.3"]
[White "Zhang, Pengxiang"]
[Black "Bu, Xiangzhi"]
[Result "1/2-1/2"]
[WhiteElo "2638"]
[BlackElo "2704"]
[PlyCount "105"]
[EventDate "2009.05.26"]
[EventType "tourn"]
[EventRounds "11"]
[EventCountry "CHN"]
[EventCategory "14"]
[Source "lmi"]
[SourceDate "2009.05.25"]

1. d4 d5 2. c4 c6 3. cxd5 cxd5 4. Nc3 Nf6 5. Bf4 Nc6 6. Nf3 Bf5 7. e3 e6 8. Qb3
Bb4 9. Bb5 O-O 10. Bxc6 Bxc3+ 11. Qxc3 Rc8 12. Ne5 Ng4 13. Nxg4 Bxg4 14. Qb4
Rxc6 15. Qxb7 Qa5+ 16. b4 Rb6 17. Qxf7+ Rxf7 18. bxa5 Rb2 19. O-O Be2 20. Rfb1
Rfb7 21. Rxb2 Rxb2 22. h4 Bd3 23. a4 a6 24. Ra3 Bc4 25. Rc3 Rb4 26. Kh2 Rxa4
27. Bc7 Kf7 28. Rc1 Ra2 29. Kg3 Kg6 30. f3 Re2 31. Bf4 Ra2 32. Bc7 Re2 33. e4
Rd2 34. Bb6 Kh5 35. exd5 exd5 36. Rg1 Kg6 37. Kf4 Bb3 38. g4 Rd1 39. Rg2 Rd3
40. h5+ Kf7 41. Bc5 Bd1 42. Rf2 Ke6 43. Ba7 Kf6 44. Kg3 g6 45. hxg6 hxg6 46.
Bb6 g5 47. Rf1 Kg6 48. Bc5 Kf7 49. Rf2 Kg6 50. Kg2 Rc3 51. Kg3 Rd3 52. Rf1 Kf7
53. Rf2 1/2-1/2

[Event "China ch 2009"]
[Site "Xinghua Jiangsu CHN"]
[Date "2009.05.28"]
[Round "3.6"]
[White "Zhou, Weiqi"]
[Black "Li, Chao B"]
[Result "1/2-1/2"]
[WhiteElo "2563"]
[BlackElo "2643"]
[PlyCount "60"]
[EventDate "2009.05.26"]
[EventType "tourn"]
[EventRounds "11"]
[EventCountry "CHN"]
[EventCategory "14"]
[Source "lmi"]
[SourceDate "2009.05.25"]

1. d4 Nf6 2. c4 g6 3. Nf3 Bg7 4. g3 d5 5. cxd5 Nxd5 6. Bg2 Nb6 7. Nc3 Nc6 8. e3
O-O 9. O-O Re8 10. d5 Na5 11. Nd4 Bd7 12. Nb3 Nxb3 13. axb3 c6 14. dxc6 Bxc6
15. Bxc6 bxc6 16. Qc2 Nd5 17. Rd1 Qc8 18. Nxd5 cxd5 19. Qxc8 Rexc8 20. Rxd5 Rc2
21. Rd7 Kf8 22. e4 Ke8 23. Rd2 Rxd2 24. Bxd2 Bxb2 25. Ra4 Rb8 26. Rxa7 Rxb3 27.
Be3 Rd3 28. Bc5 Rd7 29. Ra8+ Rd8 30. Ra7 Rd7 1/2-1/2

[Event "China ch 2009"]
[Site "Xinghua Jiangsu CHN"]
[Date "2009.05.29"]
[Round "4.1"]
[White "Li, Shilong"]
[Black "Li, Chao B"]
[Result "0-1"]
[WhiteElo "2557"]
[BlackElo "2643"]
[PlyCount "62"]
[EventDate "2009.05.26"]
[EventType "tourn"]
[EventRounds "11"]
[EventCountry "CHN"]
[EventCategory "14"]
[Source "lmi"]
[SourceDate "2009.05.25"]

1. e4 c5 2. Nf3 d6 3. d4 cxd4 4. Nxd4 Nf6 5. Nc3 a6 6. Bg5 e6 7. f4 Nbd7 8. Bd3
b5 9. Qe2 Qb6 10. Nf3 b4 11. Nb1 d5 12. e5 Ne4 13. Nbd2 Nxg5 14. Nxg5 Qd4 15.
O-O-O Qxf4 16. Ngf3 h5 17. g3 Qh6 18. Kb1 Be7 19. Nb3 Nc5 20. Nxc5 Bxc5 21.
Rde1 Ra7 22. h3 a5 23. Qg2 Ba6 24. Qe2 Bxd3 25. cxd3 O-O 26. g4 b3 27. a3 Qf4
28. gxh5 Rc8 29. Nd2 Bxa3 30. Nxb3 Rb7 31. Qd1 Qa4 0-1

[Event "China ch 2009"]
[Site "Xinghua Jiangsu CHN"]
[Date "2009.05.29"]
[Round "4.3"]
[White "Zhou, Jianchao"]
[Black "Hou, Yifan"]
[Result "1/2-1/2"]
[WhiteElo "2635"]
[BlackElo "2590"]
[PlyCount "120"]
[EventDate "2009.05.26"]
[EventType "tourn"]
[EventRounds "11"]
[EventCountry "CHN"]
[EventCategory "14"]
[Source "lmi"]
[SourceDate "2009.05.25"]

1. Nf3 Nf6 2. c4 e6 3. Nc3 d5 4. d4 Bb4 5. Bg5 Nbd7 6. Qb3 c5 7. cxd5 exd5 8.
a3 Qa5 9. Rc1 Bxc3+ 10. Qxc3 Qxc3+ 11. bxc3 Ne4 12. Bf4 Nb6 13. e3 O-O 14. Nd2
Nxd2 15. Kxd2 cxd4 16. cxd4 Bd7 17. Bd3 Rfc8 18. Rxc8+ Rxc8 19. Rb1 h5 20. Bd6
Bc6 21. Rc1 Nc4+ 22. Bxc4 dxc4 23. Rxc4 Rd8 24. Bc7 Rd7 25. Bb8 Bxg2 26. Rc8+
Kh7 27. Bxa7 Kg6 28. Ke2 Rd6 29. Bb8 Ra6 30. Rc3 Rc6 31. Rxc6+ Bxc6 32. f3 f5
33. h4 Kf7 34. Bf4 Ke6 35. Kf2 Kd5 36. Kg3 g6 37. Bg5 Bb5 38. Kf4 Bd3 39. a4
Bc2 40. a5 Bd3 41. Bd8 Be2 42. Bb6 Bd3 43. Kg5 Be2 44. Kf4 Bd3 45. Bc5 Bc2 46.
Bb4 Bd1 47. Be1 Be2 48. Bf2 Bd3 49. Kg5 Be2 50. f4 Bg4 51. Kxg6 Ke4 52. Kf6 Kd5
53. Bg3 Bh3 54. Bh2 Bg4 55. Kg5 Ke4 56. Bg1 Kd5 57. Kf6 Bh3 58. Bh2 Bg4 59. e4+
Kxe4 60. Bg1 Kd5 1/2-1/2

[Event "China ch 2009"]
[Site "Xinghua Jiangsu CHN"]
[Date "2009.05.29"]
[Round "4.4"]
[White "Bu, Xiangzhi"]
[Black "Ni, Hua"]
[Result "1/2-1/2"]
[WhiteElo "2704"]
[BlackElo "2724"]
[PlyCount "73"]
[EventDate "2009.05.26"]
[EventType "tourn"]
[EventRounds "11"]
[EventCountry "CHN"]
[EventCategory "14"]
[Source "lmi"]
[SourceDate "2009.05.25"]

1. d4 d5 2. c4 c6 3. Nf3 Nf6 4. Nc3 dxc4 5. a4 Bf5 6. Ne5 Nbd7 7. Nxc4 Qc7 8.
g3 e5 9. dxe5 Nxe5 10. Bf4 Nfd7 11. Bg2 g5 12. Bxe5 Nxe5 13. Qd4 f6 14. Ne3 Bg6
15. O-O-O Qb6 16. Ne4 Qxd4 17. Rxd4 Be7 18. Rhd1 f5 19. Nd6+ Bxd6 20. Rxd6 O-O
21. f4 Ng4 22. Nxg4 fxg4 23. e3 Rae8 24. Kd2 Be4 25. Bxe4 Rxe4 26. Rd7 Rxa4 27.
Rxb7 gxf4 28. gxf4 Rd8+ 29. Ke2 Rxd1 30. Kxd1 Ra1+ 31. Ke2 Rh1 32. Kf2 Rxh2+
33. Kg3 Rh3+ 34. Kxg4 Rxe3 35. Rxa7 Rb3 36. Rc7 Rxb2 37. Rxc6 1/2-1/2

[Event "China ch 2009"]
[Site "Xinghua Jiangsu CHN"]
[Date "2009.05.29"]
[Round "4.5"]
[White "Ji, Dan"]
[Black "Zhang, Pengxiang"]
[Result "1-0"]
[WhiteElo "2342"]
[BlackElo "2638"]
[PlyCount "117"]
[EventDate "2009.05.26"]
[EventType "tourn"]
[EventRounds "11"]
[EventCountry "CHN"]
[EventCategory "14"]
[Source "lmi"]
[SourceDate "2009.05.25"]

1. e4 c5 2. Nf3 e6 3. d3 Nc6 4. g3 d5 5. Nbd2 g6 6. Bg2 Bg7 7. O-O Nge7 8. Re1
O-O 9. c3 b6 10. Nf1 a5 11. e5 a4 12. Bf4 Ba6 13. Qd2 b5 14. d4 b4 15. dxc5
bxc3 16. Qxc3 Rb8 17. Bg5 Re8 18. N1d2 Qc7 19. b3 Nb4 20. a3 Nd3 21. b4 Nxe1
22. Rxe1 Nc6 23. Qe3 Nxb4 24. axb4 Rxb4 25. Bh6 Rc8 26. Bxg7 Kxg7 27. Rc1 Bc4
28. Bf1 Qxc5 29. Qg5 Rb7 30. Ne4 dxe4 31. Rxc4 Qf8 32. Nd4 Rxc4 33. Bxc4 Qe7
34. Qd2 Rc7 35. Bf1 Kg8 36. Nb5 Rd7 37. Qa5 e3 38. Qxa4 exf2+ 39. Kg2 Qc5 40.
Nd6 Qd5+ 41. Kxf2 Rc7 42. Qe4 Qd2+ 43. Be2 Rc1 44. Kg2 Rc2 45. Kf2 Rc1 46. Kg2
h5 47. Qf3 Rc7 48. Qa8+ Kh7 49. Qf3 Kg8 50. Kh3 f5 51. Bc4 Kh7 52. Bxe6 Qg5 53.
Bc4 Qe7 54. Qd5 Qd8 55. e6 Qg5 56. e7 Qg4+ 57. Kg2 Rxe7 58. Qg8+ Kh6 59. Qh8+
1-0

[Event "China ch 2009"]
[Site "Xinghua Jiangsu CHN"]
[Date "2009.05.30"]
[Round "5.1"]
[White "Liang, Chong"]
[Black "Li, Shilong"]
[Result "1-0"]
[WhiteElo "2511"]
[BlackElo "2557"]
[PlyCount "122"]
[EventDate "2009.05.26"]
[EventType "tourn"]
[EventRounds "11"]
[EventCountry "CHN"]
[EventCategory "14"]
[Source "lmi"]
[SourceDate "2009.05.25"]

1. d4 e6 2. c4 Nf6 3. Nc3 Bb4 4. a3 Bxc3+ 5. bxc3 c5 6. f3 d5 7. cxd5 Nxd5 8.
dxc5 Qa5 9. e4 Ne7 10. Qd4 Nbc6 11. Qc4 e5 12. Bd2 a6 13. Nh3 Be6 14. Qd3 Bxh3
15. gxh3 Qxc5 16. Qe3 Qd6 17. Rg1 O-O 18. h4 Ng6 19. Qg5 h6 20. Qg4 Qf6 21.
Bxh6 gxh6 22. h5 Nce7 23. hxg6 fxg6 24. Rd1 Rad8 25. Bc4+ Kg7 26. Rxd8 Rxd8 27.
Qe6 Qxe6 28. Bxe6 Kf6 29. Bh3 Rd3 30. Kf2 Rxc3 31. Rb1 b5 32. a4 Nc6 33. axb5
axb5 34. Rxb5 Nd4 35. Rb6+ Kg5 36. Bd7 Rc2+ 37. Ke3 Rc3+ 38. Kd2 Rc7 39. h4+
Kxh4 40. Be8 Nxf3+ 41. Ke3 Rc3+ 42. Kf2 Ng5 43. Bxg6 Nh3+ 44. Ke1 Nf4 45. Bf5
Kg5 46. Rb5 Ra3 47. Kd2 Ra2+ 48. Kc3 Ne2+ 49. Kc4 Kf4 50. Rb6 h5 51. Rf6 Ke3
52. Rh6 Ng3 53. Rh7 Rd2 54. Bg6 Rd4+ 55. Kb3 Rd3+ 56. Kc2 Rd2+ 57. Kb3 Rh2 58.
Kc4 Kf4 59. Kd5 Rd2+ 60. Ke6 Ra2 61. Rf7+ Ke3 1-0

[Event "China ch 2009"]
[Site "Xinghua Jiangsu CHN"]
[Date "2009.05.30"]
[Round "5.3"]
[White "Ni, Hua"]
[Black "Ji, Dan"]
[Result "1/2-1/2"]
[WhiteElo "2724"]
[BlackElo "2342"]
[PlyCount "114"]
[EventDate "2009.05.26"]
[EventType "tourn"]
[EventRounds "11"]
[EventCountry "CHN"]
[EventCategory "14"]
[Source "lmi"]
[SourceDate "2009.05.25"]

1. e4 c5 2. Nf3 d6 3. d4 Nf6 4. Nc3 cxd4 5. Nxd4 a6 6. Be3 Ng4 7. Bg5 Nc6 8. h3
Nge5 9. Be2 h6 10. Be3 e6 11. O-O b5 12. f4 Nxd4 13. Bxd4 Nc6 14. f5 Ne5 15.
Bg4 Nxg4 16. Qxg4 b4 17. Na4 e5 18. Bf2 Rb8 19. a3 g6 20. Be3 Bd7 21. b3 Qc7
22. Rf2 gxf5 23. Rxf5 Bxa4 24. bxa4 Qc3 25. Rxf7 Qxe3+ 26. Kh2 Kxf7 27. Qd7+
Be7 28. Rf1+ Qf4+ 29. Rxf4+ exf4 30. axb4 Rhd8 31. Qf5+ Bf6 32. b5 axb5 33.
axb5 Kg7 34. Qg4+ Kh8 35. Qg6 Bg7 36. c4 Rbc8 37. Qe6 Re8 38. Qg6 Rf8 39. b6
Rxc4 40. Qxd6 Rxe4 41. b7 Ree8 42. Kg1 Rb8 43. Qc7 Bd4+ 44. Kf1 Rfe8 45. h4 Be5
46. Qc6 Bg7 47. Qc7 Rbd8 48. h5 Rd1+ 49. Kf2 Rb1 50. Qc8 Rb2+ 51. Kf3 Rf8 52.
Ke4 Re2+ 53. Kf3 Re3+ 54. Kf2 Ree8 55. Qc6 Bd4+ 56. Kf1 Bg7 57. Kf2 Bd4+
1/2-1/2

[Event "China ch 2009"]
[Site "Xinghua Jiangsu CHN"]
[Date "2009.05.30"]
[Round "5.5"]
[White "Zhou, Weiqi"]
[Black "Zhou, Jianchao"]
[Result "1/2-1/2"]
[WhiteElo "2563"]
[BlackElo "2635"]
[PlyCount "77"]
[EventDate "2009.05.26"]
[EventType "tourn"]
[EventRounds "11"]
[EventCountry "CHN"]
[EventCategory "14"]
[Source "lmi"]
[SourceDate "2009.05.25"]

1. e4 c5 2. Nf3 d6 3. d4 Nf6 4. dxc5 Qa5+ 5. c3 Qxc5 6. Bd3 g6 7. h3 Bg7 8. Be3
Qc7 9. c4 Nfd7 10. Qd2 Nc5 11. Nc3 Qa5 12. Rc1 Nxd3+ 13. Qxd3 Nc6 14. O-O O-O
15. Bd2 Be6 16. a3 Qa6 17. Nb5 Qb6 18. Be3 Qd8 19. b3 a6 20. Nc3 Qa5 21. a4
Bxc3 22. Rxc3 Ne5 23. Nxe5 dxe5 24. Qc2 Rfd8 25. Rb1 Qb4 26. Rd3 f6 27. Rbd1
Rxd3 28. Rxd3 Kf7 29. Qd2 Qxd2 30. Rxd2 Ke8 31. Bb6 Bd7 32. f3 Bc6 33. Kf2 Kf7
34. Ra2 Rc8 35. Ke3 Bd7 36. Rd2 Bc6 37. Kd3 f5 38. Ke3 Ke6 39. Rd8 1/2-1/2

[Event "China ch 2009"]
[Site "Xinghua Jiangsu CHN"]
[Date "2009.06.01"]
[Round "6.4"]
[White "Ji, Dan"]
[Black "Hou, Yifan"]
[Result "1/2-1/2"]
[WhiteElo "2342"]
[BlackElo "2590"]
[PlyCount "105"]
[EventDate "2009.05.26"]
[EventType "tourn"]
[EventRounds "11"]
[EventCountry "CHN"]
[EventCategory "14"]
[Source "lmi"]
[SourceDate "2009.05.25"]

1. e4 c5 2. Nf3 d6 3. d4 Nf6 4. dxc5 Qa5+ 5. c3 Qxc5 6. Bd3 a6 7. Nbd2 Qc7 8.
O-O e6 9. c4 b6 10. b3 Bb7 11. Bb2 Nbd7 12. Re1 Rd8 13. Qe2 Be7 14. b4 O-O 15.
a3 Rfe8 16. Rac1 Qb8 17. Nb3 Qa8 18. Nfd2 Rc8 19. f3 Ne5 20. Bxe5 dxe5 21. c5
bxc5 22. Nxc5 Bxc5+ 23. bxc5 Nd7 24. Qf2 h6 25. Bf1 Rc6 26. Nb3 Rc7 27. Na5
Rec8 28. Nc4 Qb8 29. Nd6 Rd8 30. Red1 Rf8 31. Qe3 Rc6 32. Nc4 Rc7 33. Nb6 Nf6
34. a4 Rd8 35. Qc3 Rxd1 36. Rxd1 Rc6 37. Bb5 axb5 38. axb5 Rc7 39. Qxe5 Ne8 40.
Rd7 f6 41. Qxe6+ Kh7 42. Qf5+ Kh8 43. Qf4 g5 44. Qf5 Rxd7 45. Nxd7 Qa7 46. Qe6
Qa1+ 47. Kf2 Qd4+ 48. Kg3 Ng7 49. Qf7 Qd2 50. h3 Qf4+ 51. Kf2 Qd2+ 52. Kg1 Qc1+
53. Kf2 1/2-1/2

[Event "China ch 2009"]
[Site "Xinghua Jiangsu CHN"]
[Date "2009.06.01"]
[Round "6.6"]
[White "Liang, Chong"]
[Black "Zhang, Pengxiang"]
[Result "1/2-1/2"]
[WhiteElo "2511"]
[BlackElo "2638"]
[PlyCount "20"]
[EventDate "2009.05.26"]
[EventType "tourn"]
[EventRounds "11"]
[EventCountry "CHN"]
[EventCategory "14"]
[Source "lmi"]
[SourceDate "2009.05.25"]

1. d4 d5 2. c4 c6 3. Nc3 Nf6 4. cxd5 cxd5 5. Bf4 Nc6 6. e3 Bg4 7. Qb3 Na5 8.
Qa4+ Nc6 9. Qb3 Na5 10. Qa4+ Nc6 1/2-1/2

[Event "China ch 2009"]
[Site "Xinghua Jiangsu CHN"]
[Date "2009.06.02"]
[Round "7.2"]
[White "Ni, Hua"]
[Black "Liang, Chong"]
[Result "1-0"]
[WhiteElo "2724"]
[BlackElo "2511"]
[PlyCount "55"]
[EventDate "2009.05.26"]
[EventType "tourn"]
[EventRounds "11"]
[EventCountry "CHN"]
[EventCategory "14"]
[Source "lmi"]
[SourceDate "2009.05.25"]

1. e4 e5 2. Nf3 Nc6 3. Nc3 Nf6 4. Bb5 Bc5 5. Nxe5 Nxe5 6. d4 Bd6 7. f4 Nc6 8.
e5 Bb4 9. O-O Bxc3 10. bxc3 Ne4 11. Qg4 g6 12. d5 Qe7 13. Be3 Nxc3 14. Bc4 Qb4
15. Bb3 Ne7 16. a3 h5 17. Qh4 Qe4 18. Bc5 Ne2+ 19. Kh1 d6 20. exd6 Nf5 21. Qf6
O-O 22. dxc7 Bd7 23. Rae1 b6 24. Bxf8 Rxf8 25. d6 Kh7 26. Bxf7 Nxd6 27. Bxg6+
Qxg6 28. Qxf8 1-0

[Event "China ch 2009"]
[Site "Xinghua Jiangsu CHN"]
[Date "2009.06.03"]
[Round "8.1"]
[White "Li, Shilong"]
[Black "Zhou, Jianchao"]
[Result "1-0"]
[WhiteElo "2557"]
[BlackElo "2635"]
[PlyCount "85"]
[EventDate "2009.05.26"]
[EventType "tourn"]
[EventRounds "11"]
[EventCountry "CHN"]
[EventCategory "14"]
[Source "lmi"]
[SourceDate "2009.05.25"]

1. d4 d5 2. c4 dxc4 3. Nf3 a6 4. e3 Nf6 5. Bxc4 e6 6. O-O b5 7. Bd3 Bb7 8. Qe2
Nbd7 9. a4 b4 10. e4 Be7 11. Nbd2 c5 12. e5 Nd5 13. Nb3 cxd4 14. Nfxd4 Qc7 15.
Nf3 O-O 16. a5 Rfc8 17. Bd2 Nf8 18. h4 Qd7 19. Rfd1 Qe8 20. Ng5 h6 21. Nf3 Nc7
22. Nbd4 Bc5 23. Rdc1 Qe7 24. Nb3 Ba7 25. Rc4 Bd5 26. Bxb4 Qd8 27. Rc3 Ng6 28.
Bxg6 fxg6 29. Nbd4 Bxd4 30. Nxd4 Qxh4 31. Bc5 Bxg2 32. Kxg2 Nd5 33. Qf3 Rf8 34.
Qg3 Qe4+ 35. f3 Nf4+ 36. Kf1 Nd3 37. Bxf8 Rxf8 38. Rd1 Nxb2 39. Rd2 Na4 40.
Rcc2 Qe3 41. Qxg6 Nc5 42. Rxc5 Qxd2 43. Rc7 1-0

[Event "China ch 2009"]
[Site "Xinghua Jiangsu CHN"]
[Date "2009.06.03"]
[Round "8.3"]
[White "Ji, Dan"]
[Black "Li, Chao B"]
[Result "1/2-1/2"]
[WhiteElo "2342"]
[BlackElo "2643"]
[PlyCount "101"]
[EventDate "2009.05.26"]
[EventType "tourn"]
[EventRounds "11"]
[EventCountry "CHN"]
[EventCategory "14"]
[Source "lmi"]
[SourceDate "2009.05.25"]

1. e4 c5 2. Nf3 d6 3. d4 cxd4 4. Nxd4 Nf6 5. f3 Nc6 6. c4 Qb6 7. Nc2 g6 8. Nc3
Bg7 9. Ne3 O-O 10. Be2 Nh5 11. Ned5 Qd8 12. O-O e6 13. Ne3 Nf4 14. Kh1 a6 15.
Rb1 Nd4 16. Nc2 Nfxe2 17. Nxe2 Nxe2 18. Qxe2 d5 19. Rd1 Qc7 20. b3 Be5 21. Ba3
Rd8 22. exd5 Bxh2 23. Ne3 Bf4 24. Bb2 Qe7 25. Qe1 e5 26. g3 Bh6 27. Kg2 Bg7 28.
d6 Qe6 29. Nd5 Qxd6 30. Nf4 Qe7 31. Rxd8+ Qxd8 32. Bxe5 Bxe5 33. Qxe5 Qd2+ 34.
Kg1 Bf5 35. Re1 Rd8 36. Nd5 Be6 37. Nf6+ Kf8 38. Nxh7+ Ke7 39. Re2 Qc1+ 40. Kg2
Rd1 41. Qg5+ Kd6 42. Qxc1 Rxc1 43. Ng5 Bf5 44. Nxf7+ Kc5 45. Kf2 Bd3 46. Rd2
Kd4 47. Ne5 Rc2 48. Ke1 Rc1+ 49. Kf2 Rc2 50. Ke1 Rc1+ 51. Kf2 1/2-1/2

[Event "China ch 2009"]
[Site "Xinghua Jiangsu CHN"]
[Date "2009.06.04"]
[Round "9.3"]
[White "Zhou, Weiqi"]
[Black "Liang, Chong"]
[Result "1-0"]
[WhiteElo "2563"]
[BlackElo "2511"]
[PlyCount "125"]
[EventDate "2009.05.26"]
[EventType "tourn"]
[EventRounds "11"]
[EventCountry "CHN"]
[EventCategory "14"]
[Source "lmi"]
[SourceDate "2009.05.25"]

1. d4 d6 2. Nf3 g6 3. g3 Bg7 4. Bg2 e5 5. O-O exd4 6. Nxd4 Ne7 7. e4 O-O 8. Nc3
Nbc6 9. Be3 Bd7 10. Qd2 Ne5 11. b3 Ng4 12. Bf4 Nc6 13. Nde2 Qc8 14. Rad1 f5 15.
exf5 Bxf5 16. h3 Nge5 17. g4 Be6 18. Nd5 Qd7 19. f3 Rae8 20. c4 a6 21. Bg5 b5
22. f4 Nxg4 23. hxg4 Bxg4 24. Rde1 bxc4 25. bxc4 Bh3 26. Ng3 Bxg2 27. Rxe8 Bxf1
28. Rxf8+ Kxf8 29. Kxf1 Qh3+ 30. Qg2 Qg4 31. Ne3 Qe6 32. f5 Qe5 33. Ne2 Ne7 34.
fxg6 Nxg6 35. Qf3+ Ke8 36. Nf5 Kd7 37. Ned4 Qc5 38. Qh3 Qxc4+ 39. Ke1 Bxd4 40.
Nxd4+ Ke8 41. Qc8+ Kf7 42. Qd7+ Kg8 43. Qe6+ Qxe6+ 44. Nxe6 c5 45. Nc7 Kf7 46.
Nxa6 Ke6 47. Nc7+ Kd7 48. Nd5 Kc6 49. Nf6 Ne5 50. Kd1 d5 51. Nxh7 Nd7 52. Bd8
d4 53. Ng5 Kd5 54. Kc2 c4 55. a4 Nc5 56. a5 Kc6 57. Nf3 d3+ 58. Kb2 Na4+ 59.
Ka3 c3 60. Ne5+ Kb5 61. Nxd3 c2 62. a6 Nc5 63. a7 1-0

[Event "China ch 2009"]
[Site "Xinghua Jiangsu CHN"]
[Date "2009.06.04"]
[Round "9.6"]
[White "Zhou, Jianchao"]
[Black "Bu, Xiangzhi"]
[Result "1/2-1/2"]
[WhiteElo "2635"]
[BlackElo "2704"]
[PlyCount "61"]
[EventDate "2009.05.26"]
[EventType "tourn"]
[EventRounds "11"]
[EventCountry "CHN"]
[EventCategory "14"]
[Source "lmi"]
[SourceDate "2009.05.25"]

1. d4 d5 2. c4 c6 3. Nf3 Nf6 4. e3 Bf5 5. Nc3 e6 6. Nh4 Bg6 7. Bd2 Nbd7 8. Nxg6
hxg6 9. Qc2 Bd6 10. h3 Qe7 11. O-O-O Bc7 12. Bd3 dxc4 13. Bxc4 O-O-O 14. Kb1 e5
15. Bb3 Nb6 16. dxe5 Bxe5 17. Rhe1 Nfd5 18. Nxd5 Nxd5 19. Qe4 Rhe8 20. Ba5 Bc7
21. Qxe7 Rxe7 22. Bxc7 Nxc7 23. Rxd8+ Kxd8 24. Rd1+ Kc8 25. Kc2 g5 26. Kd2 Ne6
27. Ke2 Nc5 28. Bc2 Kc7 29. g3 Re5 30. Rh1 Ne6 31. Kd2 1/2-1/2